Darts - Top Ranked Player By Country - Statistics

General Stats
  • This quiz has been taken 84 times
  • The average score is 12 of 15
Answer Stats
Country Player % Correct
Netherlands Michael van Gerwen
99%
Wales Gerwyn Price
97%
England Luke Humphries
97%
Scotland Peter Wright
96%
Belgium Dimitri van den Bergh
94%
Australia Damon Heta
93%
Germany Martin Schindler
93%
Portugal Jose de Sousa
89%
Northern Ireland Josh Rock
87%
Poland Krzysztof Ratajski
77%
Ireland William O'Connor
74%
France Thibault Tricole
66%
Austria Rowby-John Rodriguez
61%
Czech Republic Adam Gawlas
44%
Philippines Christian Perez
34%
No matching quizzes found
Score Distribution
Percent of People with Each Score
Percentile by Number Answered
Your Score History
You have not taken this quiz